| 000 | 00529nam a2200145 4500 | ||
|---|---|---|---|
| 008 | 151124b xxu||||| |||| 00| 0 eng d | ||
| 020 | _a0781744261 | ||
| 050 | _aSPE R 121.S8 2005 | ||
| 100 |
_aStedman,Thomas Lathrop. _d2005 |
||
| 245 |
_aStedman's medical dictionary for the health professions and nursing/ _cThomas Lathrop Stedman |
||
| 250 | _aIllustrated 5th ed. | ||
| 300 |
_axxxi, 1595(557) p. :ill. _bIncludes index. |
||
| 650 | _aMedicine-Dictionary-English. | ||
| 942 |
_2lcc _cBOOKS _hSPE R 121.S8 2005 |
||
| 999 |
_c10105 _d10105 |
||